La cueva del vidente. / (Registro nro. 14632)

Detalles MARC
000 -LIDER
fixed length control field 00715nam a2200241 a 4500
001 - NÚMERO DE CONTROL
Identificador de número de control 000047241
003 - IDENTIFICACDOR DE NÚMERO DE CONTROL
control field DO-SdBNP
005 - DATE AND TIME OF LATEST TRANSACTION
control field 20240419095736.0
008 - ELEMENTOS DE LONGITUD FIJA
fixed length control field 180425s2017 dr 000 spa d
020 ## - ISBN
International Standard Book Number 9789945194012
040 ## - FUENTE DE CATALOGACIÓN
Agencia que crea de manera original el registro DO-SdBNP
Idioma de catalogación spa
Agencia que realiza la transcripción BPMSU
082 #4 - NÚMERO DE CLASIFICACIÓN DECIMAL DE DEWEY
Classification number A863.5
Item number S127c 2017
Edition number 22
100 1# - ASIENTO PRINCIPAL -- NOMBRE PERSONAL
Nombre personal Sáenz, Pablo María
Fechas asociadas con el nombre 1960-
245 13 - MENCIÓN DE TITULO
Título La cueva del vidente. /
Mención de responsabilidad Pablo María Sáenz. ; edición Ruth Herrera
260 ## - PUBLICACIÓN, DISTRIBUCIÓN, ETC. (PIE DE IMPRENTA)
Lugar de publicación, distribución, etc Santo Domingo :
Nombre del editor, distribuidor, etc. Loqueleo,
Fecha de publicación, distribución, etc 2017.
300 ## - DESCRIPCIÓN FÍSICA
Extensión 147 p. ;
Dimensiones 22 cm.
590 ## - NOTA LOCAL
Texto de la nota local Inventariado,2024/VM
650 #4 - ENCABEZAMIENTO DE MATERIA--TEMÁTICO
Término temático o nombre geográfico como elemento de entrada Novela argentina
650 #4 - ENCABEZAMIENTO DE MATERIA--TEMÁTICO
Término temático o nombre geográfico como elemento de entrada Literatura argentina
700 1# - ASIENTO SECUNDARIO -- NOMBRE PERSONAL
Nombre personal Herrera, Ruth
Mención de responsabilidad edición
910 ## - VALIDACIÓN
Validación VMateo V. Control de calidad. BPMSU
942 ## - ADDED ENTRY ELEMENTS (KOHA)
Source of classification or shelving scheme Dewey Decimal Classification
Koha item type Libros
Existencias
Withdrawn status Lost status Source of classification or shelving scheme Damaged status Not for loan Collection code Home library Current library Date acquired Total Checkouts Full call number Barcode Date last seen Price effective from Koha item type
    Dewey Decimal Classification     Colección Dominicana Biblioteca Pública Metropolitana Salomé Ureña Biblioteca Pública Metropolitana Salomé Ureña 04/19/2024   BPMSU CD A863.5 S127c 2017 BPMSU24040022 04/19/2024 04/19/2024 Libros